|
|
|
|
| LEADER |
00000nam a22000007a 4500 |
| 005 |
2011082409579.0 |
| 008 |
110824t2007 bl ||||s|||| 001 0 por d |
| 020 |
|
|
|a 978-85-99315-07-1
|
| 035 |
|
|
|a 5678
|
| 040 |
|
|
|a vLex
|
| 090 |
|
|
|c 2255
|d 2255
|
| 100 |
1 |
|
|a Rodrigues Filho, Eulḿpio
|
| 245 |
1 |
0 |
|a Compra e venda de imv̤eis e aȧo "ex empto"
|c Eulḿpio Rodrigues Filho
|h [Recurso electrn̤ico] /
|
| 256 |
|
|
|a Servicio en ln̕ea.
|
| 260 |
|
|
|a [Brasil] :
|b Notadez,
|c 2007
|
| 500 |
|
|
|a J ̀disse Kon-Fu-Tse: ̌bom saber que se sabe o que se sabe, e que se nô sabe o que nô se sabe. Neste trabalho de Eulḿpio, percebe-se que a leitura apressada, literr̀ia e nô cientf̕ica, levou renomados autores a se esquecerem de que o art. 1.136 do Cd̤igo Civil ̌produto da intelign̊cia nacional, desligado de suas raz̕es mais primitivas, distante, portanto, das legislaė̳s mais importantes da Europa.
|
| 506 |
1 |
|
|a Contenido solo disponible en los productos indicados
|d vLex Global
|d vLex Global (Academic Edition, excluding Law Schools)
|d vLex Global (U.S. Academic Edition, Law Schools)
|d vLex Global (U.S. Academic Edition, excluding Law Schools)
|d vLex Global (Academic Edition, Law Schools)
|
| 650 |
0 |
4 |
|a Bienes inmuebles
|
| 650 |
0 |
4 |
|a Bienes inmuebles
|e Compraventa
|
| 740 |
0 |
|
|a vLex Libros (Servicio en ln̕ea)
|
| 856 |
4 |
0 |
|u http://vlex.com/source/compra-venda-imoveis-acao-ex-empto-5678
|z Acceso restringido
|
| 942 |
|
|
|c BOOK
|